Catálogo
 En Linea

Progreso y miseria : (Registro nro. 36085)

Detalles MARC
000 -CABECERA
campo de control de longitud fija 00718nam a2200193 a 4500
001 - NÚMERO DE CONTROL
campo de control 000036594
005 - FECHA Y HORA DE LA ÚLTIMA TRANSACCIÓN
campo de control 20200930075822.0
008 - DATOS DE LONGITUD FIJA--INFORMACIÓN GENERAL
campo de control de longitud fija 120123s1987 xxu 000 0 spa d
020 ## - NÚMERO INTERNACIONAL ESTÁNDAR DEL LIBRO
Número Internacional Estándar del Libro 0911312072
040 ## - FUENTE DE LA CATALOGACIÓN
Centro catalogador/agencia de origen DO-SdBNP
Lengua de catalogación spa
Centro/agencia transcriptor BNPHU
100 1# - ENTRADA PRINCIPAL--NOMBRE DE PERSONA
Nombre de persona George, Henry
9 (RLIN) 62868
240 10 - TÍTULO UNIFORME
Título uniforme Progress and poverty
Lenguaje de la obra Español
245 10 - MENCIÓN DE TÍTULO
Título Progreso y miseria :
Resto del título Indagación acerca de la causa de las crisis económicas y del aumento de la pobreza con el aumento de la riqueza. El remedio /
Mención de responsabilidad, etc. Henry George.
250 ## - MENCIÓN DE EDICIÓN
Mención de edición 3a ed.
260 ## - PUBLICACIÓN, DISTRIBUCIÓN, ETC.
Lugar de publicación, distribución, etc. New Jersey :
Nombre del editor, distribuidor, etc. Robert Schalkenbach Foundation,
Fecha de publicación, distribución, etc. 1987.
300 ## - DESCRIPCIÓN FÍSICA
Extensión 590 p. ;
Dimensiones 21 cm.
500 ## - NOTA GENERAL
Nota general Traducido del idioma inglés
700 1# - PUNTO DE ACCESO ADICIONAL--NOMBRE DE PERSONA
Nombre de persona Argente del Castillo, Baldomero
Término indicativo de función/relación tr.
9 (RLIN) 62869
Existencias
Estado de retiro Estado de pérdida Restricciones de uso No para préstamo Código de colección Localización permanente Ubicación/localización actual Ubicación en estantería Fecha de adquisición Número de inventario Total de préstamos Signatura topográfica completa Código de barras Fecha visto por última vez Precio válido a partir de Tipo de ítem Koha
      Excluido de préstamo Monografías: Libros y Folletos General General En catalogación 23.01.2012 LF1   36594-10 25.06.2020 25.06.2020 No se presta

Con tecnología Koha